UBT Library

Advances in manufacturing technology - XII : (Record no. 280)

000 -LEADER
fixed length control field 00624nam a22001817a 4500
008 - FIXED-LENGTH DATA ELEMENTS--GENERAL INFORMATION
fixed length control field 131112b xxu||||| |||| 00| 0 eng d
020 ## - INTERNATIONAL STANDARD BOOK NUMBER
International Standard Book Number 1860581722
041 0# - LANGUAGE CODE
Language code of text/sound track or separate title eng
080 ## - UNIVERSAL DECIMAL CLASSIFICATION NUMBER
Universal Decimal Classification number 338.36
245 00 - TITLE STATEMENT
Title Advances in manufacturing technology - XII :
Statement of responsibility, etc edited by : R.W. Baines, a. Taleb-Bendiab, Z. Zhaoo
300 ## -
-- 790 f. :
-- me il. ;
-- 24 cm.
500 ## -
-- Preface : f. XVIV
505 ## -
-- Includes references and authors index f. 791-793
650 #0 -
-- Prodhimi industrial
650 #0 -
-- Menaxhimi
650 #0 -
-- Teknologjia
942 ## - ADDED ENTRY ELEMENTS (KOHA)
Source of classification or shelving scheme
Item type Books
Holdings
Withdrawn status Lost status Source of classification or shelving scheme Damaged status Not for loan Collection code Permanent location Current location Shelving location Date acquired Total Checkouts Full call number Barcode Date last seen Koha item type
          Koleksioni i përgjithshem UBT - Prishtine UBT - Prishtine Koleksioni i përgjithshem 11/12/2013   338.36 ADV 001-000339 11/12/2013 Books
UBT Library © 2015-2024. All rights reserved University Education for Business and Technology